| 000 | 00360nam a2200145Ia 4500 | ||
|---|---|---|---|
| 008 | 230917s9999||||xx |||||||||||||| ||und|| | ||
| 040 |
_e9208 _aMAIN |
||
| 041 | _aEnglish | ||
| 082 | _a362.210942 S48I | ||
| 100 | _aShepherd, Geoff | ||
| 245 | 0 | _aInstitutional care and rehabilitation | |
| 260 |
_aLondon _bLongman _c1984 |
||
| 300 | _ax, 181 p. | ||
| 942 | _cBK | ||
| 999 |
_c56510 _d56510 |
||